Audítorské postupy II. audítorská dokumentácia
Enregistré dans:
| Auteur principal: | |
|---|---|
| Autres auteurs: | |
| Format: | Livre |
| Langue: | slovaque |
| Publié: |
Bratislava
SÚVAHA
2000
|
| Sujets: | |
| Tags: |
Pas de tags, Soyez le premier à ajouter un tag!
|
MARC
| LEADER | 00000nam a2200000 4500 | ||
|---|---|---|---|
| 001 | c129668 | ||
| 005 | 20221123132538.1 | ||
| 020 | |a 80-88727-40-5 | ||
| 041 | 0 | |a slo | |
| 044 | |a SK | ||
| 245 | 1 | 0 | |a Audítorské postupy II. |b audítorská dokumentácia |c Július Nagy, Zdenko Laučík |
| 264 | 1 | |a Bratislava |b SÚVAHA |c 2000 | |
| 300 | |a 224 s. | ||
| 610 | 2 | 0 | |a audítori |
| 610 | 2 | 0 | |a audítorstvo |
| 610 | 2 | 0 | |a dokumentácia účtovná |
| 610 | 2 | 0 | |a účtovníctvo |
| 610 | 2 | 0 | |a závierka účtovná |
| 610 | 2 | 0 | |a majetok |
| 610 | 2 | 0 | |a výsledok hospodársky |
| 610 | 2 | 0 | |a knihy účtovné |
| 610 | 2 | 0 | |a náklady |
| 610 | 2 | 0 | |a výnosy |
| 610 | 2 | 0 | |a majetok investičný |
| 610 | 2 | 0 | |a odpisy |
| 610 | 2 | 0 | |a zásoby |
| 610 | 2 | 0 | |a pohľadávky |
| 610 | 2 | 0 | |a majetok finančný |
| 610 | 2 | 0 | |a aktíva |
| 610 | 2 | 0 | |a pasíva |
| 610 | 2 | 0 | |a projekty |
| 610 | 2 | 0 | |a formuláre |
| 610 | 2 | 0 | |a Slovensko |
| 100 | 1 | |a Nagy, Július | |
| 700 | 1 | |a Laučík, Zdenko | |